Catálogo
 En Linea

El ingenioso hidalgo Don Quixote de la Mancha / (Registro nro. 18250)

Detalles MARC
000 -CABECERA
campo de control de longitud fija 01200cam a2200325 i 4500
001 - NÚMERO DE CONTROL
campo de control 000018730
003 - IDENTIFICADOR DEL NÚMERO DE CONTROL
campo de control DO-SdBNP
005 - FECHA Y HORA DE LA ÚLTIMA TRANSACCIÓN
campo de control 20240503073630.0
007 - CAMPO FIJO DE DESCRIPCIÓN FÍSICA--INFORMACIÓN GENERAL
campo de control de longitud fija ta
008 - DATOS DE LONGITUD FIJA--INFORMACIÓN GENERAL
campo de control de longitud fija 960401s1905 sp 000 0 spa d
040 ## - FUENTE DE LA CATALOGACIÓN
Centro catalogador/agencia de origen DO-SdBNP
Lengua de catalogación spa
Centro/agencia transcriptor BNPHU
Normas de descripción rda
082 #4 - NÚMERO DE LA CLASIFICACIÓN DECIMAL DEWEY
Número de clasificación 863.3
Número de documento/Ítem C419i 1905
Número de edición 22
100 1# - ENTRADA PRINCIPAL--NOMBRE DE PERSONA
Nombre de persona Cervantes Saavedra, Miguel de,
Fechas asociadas al nombre 1547-1616
9 (RLIN) 3070
245 13 - MENCIÓN DE TÍTULO
Título El ingenioso hidalgo Don Quixote de la Mancha /
Mención de responsabilidad, etc. Miguel de Cervantes.
246 30 - FORMA VARIANTE DE TÍTULO
Título propio/Titulo breve Don Quixote de la Mancha
250 ## - MENCIÓN DE EDICIÓN
Mención de edición Edición facsímile de la impresa en Madrid en el año de 1605[-1615], por Juan de la Cuesta
264 ## - PRODUCCIÓN, PUBLICACIÓN, DISTRIBUCIÓN, FABRICACIÓN Y COPYRIGHT
Producción, publicación, distribución, fabricación y copyright Barcelona :
Nombre del de productor, editor, distribuidor, fabricante Librería Científico-Literaria Toledano López & Ca.,
Fecha de producción, publicación, distribución, fabricación o copyright 1905.
300 ## - DESCRIPCIÓN FÍSICA
Extensión 2 volumen ;
Dimensiones 17 cm.
336 ## - TIPO DE CONTENIDO
Fuente rdacontent
Término de tipo de contenido texto
Código de tipo de contenido txt
337 ## - TIPO DE MEDIO
Fuente rdamedia
Nombre/término del tipo de medio sin mediación
Código del tipo de medio n
338 ## - TIPO DE SOPORTE
Fuente rdacarrier
Nombre/término del tipo de soporte volumen
Código del tipo de soporte nc
490 0# - MENCIÓN DE SERIE
Mención de serie Enciclopedia literaria;
Designación de volumen o secuencia 7
533 ## - NOTA DE REPRODUCCIÓN
Tipo de reproducción Facsimil de
Lugar de la reproducción Madrid :
Institución responsable de la reproducción [s.n.],
Fecha de la reproducción 1605
590 ## - NOTA LOCAL (RLIN)
Nota local Inventariado, 2021/MFF
600 14 - PUNTO DE ACCESO ADICIONAL DE MATERIA--NOMBRE DE PERSONA
Nombre de persona Cervantes Saavedra, Miguel de,
Fechas asociadas al nombre 1547-1616.
Título de la obra Don Quixote
9 (RLIN) 41580
650 #4 - PUNTO DE ACCESO ADICIONAL DE MATERIA--TÉRMINO DE MATERIA
Término de materia o nombre geográfico como elemento de entrada Novela española
9 (RLIN) 40425
650 #4 - PUNTO DE ACCESO ADICIONAL DE MATERIA--TÉRMINO DE MATERIA
Término de materia o nombre geográfico como elemento de entrada Literatura española
9 (RLIN) 632
910 ## - DATOS DE OPCIÓN DEL USUARIO (OCLC)
Datos de opción del usuario Validado. Control de calidad MFF
942 ## - ELEMENTOS DE PUNTO DE ACCESO ADICIONAL (KOHA)
Fuente del sistema de clasificación o colocación Dewey Decimal Classification
Tipo de ítem Koha Libro
Existencias
Estado de retiro Estado de pérdida Fuente del sistema de clasificación o colocación Restricciones de uso No para préstamo Código de colección Localización permanente Ubicación/localización actual Ubicación en estantería Fecha de adquisición Signatura topográfica completa Código de barras Fecha visto por última vez Precio válido a partir de Tipo de ítem Koha Número de copia
    Dewey Decimal Classification Excluido de préstamo   General Biblioteca Nacional Pedro Henríquez Ureña Biblioteca Nacional Pedro Henríquez Ureña Depósito 14.05.2010 BNPHU GR-RV 863.3 C491i 1905 18730-10 25.06.2020 25.06.2020 Libro  
    Dewey Decimal Classification Excluido de préstamo   General Patrimonio Dominicano Patrimonio Dominicano Extraviado 24.07.2019 BNPHU GR-RV 863.3 C419i 1905 18730-20 25.06.2020 25.06.2020 Libro e.2

Con tecnología Koha